| 000 | 00415nam a2200181Ia 4500 | ||
|---|---|---|---|
| 008 | 210210b1931 xxu||||| |||| 00| 0 eng d | ||
| 041 | _aeng | ||
| 082 | _a954/424 | ||
| 100 | _aSINHA (H N) | ||
| 245 | _aRise of the peshwas | ||
| 260 |
_aAllahabad _bThe Indian Press Pvt Ltd., _c1931 |
||
| 650 | _athe | ||
| 650 | _aRise | ||
| 650 | _apeshwas | ||
| 650 | _aof | ||
| 690 | _aIndian History | ||
| 906 | _a026181 | ||
| 999 |
_c152205 _d152205 |
||